| 000 | 00966am a2200325a 44500 | ||
|---|---|---|---|
| 003 | AR-BaBNM | ||
| 005 | 20251128211108.0 | ||
| 008 | 162120s1982 #AR|||||||||||000 | esp|| | ||
| 020 | _a950-003-030 | ||
| 040 | _cAR-BaBNM | ||
| 100 | 1 | _aGreenberg, Elinor | |
| 245 | 1 | 0 | _aEducación para todas las edades |
| 250 | _a1ª ed. | ||
| 260 |
_aBuenos Aires _bMarymar _c1982 |
||
| 300 | _a133 p. | ||
| 500 | _aContiene: índice de temas, autores e instituciones en p. 134 | ||
| 504 | _aContiene: referencias al final de cada capítulo | ||
| 650 | 4 | _aEDUCACION DE ADULTOS | |
| 650 | 4 | _aDESARROLLO DE LA PERSONALIDAD | |
| 650 | 4 | _aPSICOLOGIA EVOLUTIVA | |
| 650 | 4 | _aPROGRAMAS DE EDUCACION DE ADULTOS | |
| 650 | 4 | _aUNIVERSIDADES | |
| 653 | _aINNOVACIONES EDUCATIVAS | ||
| 653 | _aEDUCACION SUPERIOR | ||
| 700 | 1 | _aO'Donnell, Kathleen M. | |
| 700 | 1 | _aBerquist, William | |
| 700 | 1 |
_aYujnovsky, Carlos R. _etraductor |
|
| 942 | _cBK | ||
| 998 | _cAlicia | ||
| 999 |
_c18202 _d18202 |
||